000 00917nas a2200301 4500
001 BR9802045
003 BR-BrBNA
005 20231205101008.0
007 ta
008 230509b bl.|||p| |||| 00| 00por d
040 _aBR-BrBNA
_bpor
_cBiblioteca Nacional de Agricultura
041 _a(En)
072 _aL70
100 1 _aBechara, J.N.
100 1 _aBarros, P.S. de M.
100 1 _aFantoni, D.T.
100 1 _aCortopassi, S.R.G.
100 1 _aSilva, L.C.L.C. da
245 1 _aIntraocular pressure evaluation of equines anesthetized with romifidine, tiletamine/zolazepam, halothane and vecuronium
650 _aEquino
650 _aVeterinaria
650 _aAnestesia
650 _aMedicamento
650 _aPressao Arterial
773 0 _tCiencia Rural (Brazil)
_xISSN 0103-8478
_g(Jan-Mar 1998), v. 28(1) p. 59-64
_wBR9802045
909 _a202311
_bLúcia
_c55
_dLúcia Elande
942 _2AGRIS
_n0
_cANA
999 _c159210
_d159210